[Event "87th NY Masters"]
[Site "New York USA"]
[Date "2004.01.13"]
[Round "1"]
[White "Yudasin,L"]
[Black "Vovsha,E"]
[Result "1/2-1/2"]
[WhiteElo "2568"]
[BlackElo "2441"]

1.e4 d6 2.d4 g6 3.Nc3 c6 4.Be3 Nf6 5.f3 b5 6.g4 Nbd7 7.g5 Nh5 8.Nge2 b4 9.Nb1 Bg7
10.a3 Qb6 11.Nd2 c5 12.Nc4 Qc7 13.axb4 cxb4 14.b3 d5 15.exd5 Bb7 16.Ra5 Nb6
17.Nxb6 axb6 18.Rxa8+ Bxa8 19.Qd2 Bxd5 20.Bg2 O-O 21.O-O Rc8 22.Rc1 Qc6 23.Kf2 Qd6
24.h3 e6 25.Nf4 Nxf4 26.Bxf4 Qe7 27.c4 bxc3 28.Rxc3 Qd7 29.Bf1 Rxc3 30.Qxc3 Bb7  1/2-1/2

[Event "87th NY Masters"]
[Site "New York USA"]
[Date "2004.01.13"]
[Round "3"]
[White "Yudasin,L"]
[Black "Becerra Rivero,J"]
[Result "1-0"]
[WhiteElo "2568"]
[BlackElo "2569"]

1.e4 c5 2.f4 d5 3.exd5 Nf6 4.Bb5+ Bd7 5.Bxd7+ Qxd7 6.c4 e6 7.Qe2 Be7 8.dxe6 fxe6
9.Nf3 Nc6 10.Nc3 O-O 11.O-O Rad8 12.d3 Nd4 13.Nxd4 Qxd4+ 14.Be3 Qxd3 15.Rae1 Qxe2
16.Rxe2 Kf7 17.h3 Rd3 18.g3 Rc8 19.Kg2 a6 20.Rfe1 Rc6 21.Bf2 Bd8 22.Rc1 Ba5
23.Na4 Nd7 24.b3 Rdd6 25.g4 Bb4 26.Nc3 Bxc3 27.Rxc3 Rd1 28.Rce3 Rcd6 29.Bg3 R1d2
30.Rxe6 Rxe2+ 31.Rxe2 Rd3 32.f5 h6 33.Bf4 Rc3 34.Bd6 Kg8 35.Re7 Nf6 36.Bxc5 b5
37.Bd4 Rc2+ 38.Kg3 bxc4 39.bxc4 Rxc4 40.Bxf6 gxf6 41.Re6 Kg7 42.Rxa6 h5 43.Ra7+ Kh6
44.Rf7 h4+ 45.Kf3 Rc6 46.a4 Ra6 47.a5 Rc6 48.Ke4 Rd6 49.Rb7 Rd1 50.a6 Re1+
51.Kd5 Ra1 52.a7 Kg5 53.Kc6 Kf4 54.Rb4+  1-0

[Event "89th NY Masters"]
[Site "New York USA"]
[Date "2004.01.27"]
[Round "3"]
[White "Yudasin,L"]
[Black "Kacheishvili,G"]
[Result "1/2-1/2"]
[WhiteElo "2568"]
[BlackElo "2598"]

1.e4 c6 2.d4 d5 3.exd5 cxd5 4.Bd3 Nc6 5.c3 Qc7 6.Ne2 Bg4 7.f3 Bd7 8.Bf4 e5
9.dxe5 Nxe5 10.Bc2 Bd6 11.Ba4 Bc6 12.O-O Ne7 13.Nd4 O-O 14.Bc2 N7g6 15.Bxg6 hxg6
16.Nd2 Rae8 17.Bg3 Re7 18.Qc2 Rfe8 19.Rad1 Bd7 20.Kh1 a6 21.Rfe1 Kh7 22.Nf1 Qa5
23.Nb3 Qb5 24.Nd4 Qa5 25.Nb3 Qb5 26.Nd4 Qa5  1/2-1/2

[Event "89th NY Masters"]
[Site "New York USA"]
[Date "2004.01.27"]
[Round "4"]
[White "Krush,I"]
[Black "Yudasin,L"]
[Result "0-1"]
[WhiteElo "2465"]
[BlackElo "2568"]

1.d4 Nf6 2.c4 e6 3.Nc3 Bb4 4.Qc2 c5 5.dxc5 Qc7 6.a3 Bxc5 7.Nf3 a6 8.Bg5 Be7
9.e3 d6 10.Be2 Nbd7 11.O-O b6 12.Rac1 Bb7 13.b4 O-O 14.Qb2 Rac8 15.Nb1 Rfe8
16.h3 Qb8 17.Nbd2 Qa8 18.Rfd1 h6 19.Bh4 Red8 20.Nb3 Nf8 21.Nbd4 Ng6 22.Bg3 Ne4
23.Bh2 Bf6 24.Rc2 Ng5 25.Nxg5 hxg5 26.f3 Nh4 27.Qb3 e5 28.g3 Nxf3+ 29.Nxf3 Bxf3
30.Bxf3 Qxf3 31.Rcd2 Qe4 32.Qd3 Rxc4 33.Qxe4 Rxe4 34.Rxd6 Rxd6 35.Rxd6 Rxe3
36.a4 Ra3 37.b5 e4 38.bxa6 Rxa4  0-1

[Event "90th NY Masters"]
[Site "New York USA"]
[Date "2004.02.03"]
[Round "4"]
[White "Ehlvest,J"]
[Black "Yudasin,L"]
[Result "1/2-1/2"]
[WhiteElo "2602"]
[BlackElo "2568"]

1.Nf3 Nf6 2.d4 e6 3.Bg5 c5 4.e3 b6 5.d5 h6 6.Bxf6 Qxf6 7.Nc3 Bb7 8.Bc4 Be7
9.O-O O-O 10.e4 e5 11.a4 a6 12.Be2 d6 13.Nd2 Bd8 14.Bg4 Qe7 15.Nc4 Nd7 16.Qd3 Nf6
17.Bh3 Nh5 18.g3 Rb8 19.Rab1 Ba8 20.Ne3 Bb7 21.b4 cxb4 22.Rxb4 Bc8 23.Bxc8 Rxc8
24.Rfb1 Nf6 25.Rc4 Qd7 26.Rxc8 Qxc8 27.Qc4 Bc7 28.Kg2 g6 29.Qc6 Nd7 30.Nc4 Nb8
31.Nxb6 Nxc6 32.Nxc8 Rxc8 33.dxc6 Ba5 34.Nd5 Kf8 35.c7 Bxc7 36.Kf3 Ba5 37.c3 Rc4
38.Rb8+ Kg7 39.Ra8 Bxc3 40.Rxa6 Bd4 41.a5 Rc2 42.Ne3 Ra2 43.Rxd6 Bxe3  1/2-1/2

[Event "91st NY Masters"]
[Site "New York USA"]
[Date "2004.02.10"]
[Round "3"]
[White "Yudasin,L"]
[Black "Ehlvest,J"]
[Result "1-0"]
[WhiteElo "2568"]
[BlackElo "2602"]

1.e4 c5 2.Nf3 e6 3.b3 d6 4.c4 Nf6 5.Nc3 Nc6 6.Be2 e5 7.O-O g6 8.d3 h6 9.Ne1 Bg7
10.Nc2 O-O 11.Kh1 Nh7 12.Rb1 f5 13.b4 b6 14.exf5 Bxf5 15.Bf3 Rc8 16.bxc5 dxc5
17.Bd5+ Kh8 18.Ne3 Nf6 19.Nxf5 gxf5 20.Be6 Rc7 21.Bxf5 Nd4 22.Be4 Rd7 23.Be3 Nxe4
24.Nxe4 Ne6 25.Rb3 Nf4 26.Bxf4 exf4 27.Qf3 Qh4 28.Nc3 Bxc3 29.Rxc3 Re8 30.h3 Qf6
31.Rc2 Rde7 32.Kh2 Kh7 33.Rd1 Qd6 34.d4 cxd4 35.Qd3+ Qg6 36.Qxg6+ Kxg6 37.Rxd4 Re2
38.Rxe2 Rxe2 39.Rxf4 Rxa2 40.g4 Rb2 41.h4 a5 42.h5+ Kg7 43.Kg3 a4 44.Rd4 a3
45.Rd7+ Kf6 46.Ra7 a2 47.f4 Rc2 48.Ra6 Kg7 49.g5 hxg5 50.fxg5 Rc3+ 51.Kf2 Rxc4
52.Rxa2 Rh4 53.Ra7+ Kg8 54.h6 Rh5 55.Rg7+ Kh8 56.Kg3 b5 57.Kg4 Rh1 58.Rb7  1-0

[Event "92nd NY Masters"]
[Site "New York USA"]
[Date "2004.02.17"]
[Round "3"]
[White "Wojtkiewicz,A"]
[Black "Yudasin,L"]
[Result "1/2-1/2"]
[WhiteElo "2564"]
[BlackElo "2568"]

1.Nf3 c5 2.c4 Nf6 3.Nc3 e6 4.g3 b6 5.Bg2 Bb7 6.O-O Be7 7.Re1 Nc6 8.e4 e5
9.d3 O-O 10.Nd5 d6 11.Nxe7+ Qxe7 12.a3 Ne8 13.Rb1 Nc7 14.b4  1/2-1/2

[Event "99th NY Masters"]
[Site "New York USA"]
[Date "2004.04.27"]
[Round "4"]
[White "Bartell,T"]
[Black "Yudasin,L"]
[Result "0-1"]
[WhiteElo "2298"]
[BlackElo "2553"]

1.c4 c5 2.Nc3 b6 3.e4 d6 4.g3 Bb7 5.Bg2 Nd7 6.Nge2 e6 7.O-O Ngf6 8.d4 cxd4
9.Nxd4 a6 10.Be3 Rc8 11.Qe2 Ne5 12.b3 b5 13.h3 bxc4 14.f4 Ned7 15.bxc4 Qc7
16.Rab1 Ba8 17.Nd5 exd5 18.cxd5 Nc5 19.Rfc1 Be7 20.Nf5 O-O 21.Bxc5 dxc5 22.Qxa6 Qd7
23.g4 Rfe8 24.d6 Bf8 25.e5 Nd5 26.Qc4 g6 27.Bxd5 gxf5 28.Rb2 fxg4 29.hxg4 Bxd5
30.Qxd5 Rb8 31.Rg2 Rb4 32.f5 Rb5 33.a4 Ra5 34.Re1 Qa7 35.Kh1 c4 36.d7 Rd8
37.Qxc4 Rxa4 38.Qc1 Qxd7 39.Qg5+ Kh8 40.Re3 Qd5 41.Kh2 Re8 42.f6 Re4 43.Rxe4 Qxe4
44.Rd2 Rxe5  0-1

[Event "100th NY Masters"]
[Site "New York USA"]
[Date "2004.05.04"]
[Round "4"]
[White "Yudasin,L"]
[Black "Shabalov,A"]
[Result "1-0"]
[WhiteElo "2553"]
[BlackElo "2624"]

1.e4 Nf6 2.e5 Nd5 3.d4 d6 4.Nf3 Bg4 5.Be2 e6 6.c4 Nb6 7.O-O Be7 8.Nc3 O-O
9.h3 Bh5 10.Be3 a5 11.b3 d5 12.c5 N6d7 13.a3 Nc6 14.Ne1 Bg6 15.f4 Nxc5 16.dxc5 d4
17.g4 f5 18.Bc4 dxe3 19.Bxe6+ Kh8 20.gxf5 Bxc5 21.Kh2 Bd4 22.Rc1 Bxc3 23.Qxd8 Raxd8
24.Rxc3 Rd2+ 25.Kg3 e2 26.Rff3 Bh5 27.Rfd3 Rd1 28.Kf2 Nd4 29.Rxc7 h6 30.Bd7 Kh7
31.f6 Rf7 32.Rxd4 Rxd4 33.Bf5+ Kg8 34.Be6 Rxf4+ 35.Ke3 g5 36.Rxb7 Bg6 37.Bxf7+ Bxf7
38.Kxe2 Re4+ 39.Kf2 Rxe5 40.a4 Rf5+ 41.Kg3 Rxf6 42.b4 Re6 43.Kf2 Re4 44.Nd3 Bc4
45.Nc5 Re2+ 46.Kf3 Rc2 47.Ke4 Bf7 48.Kd3 Rc1 49.Ne4 Ra1 50.Nc5 Ra3+ 51.Kd4 axb4
52.Rxb4 Rxh3 53.Ke5 Kg7 54.a5 Ra3 55.a6 h5 56.Ra4 Rxa4 57.Nxa4 Be8 58.Kd6  1-0

[Event "Invitational"]
[Site "Santa Monica USA"]
[Date "2004.05.11"]
[Round "1"]
[White "Matikozian,A"]
[Black "Yudasin,L"]
[Result "1/2-1/2"]
[WhiteElo "2467"]
[BlackElo "2553"]

1.Nf3 Nf6 2.g3 d5 3.Bg2 c6 4.O-O Bf5 5.d3 e6 6.Nfd2 Bc5 7.e4 Bg6 8.Nc3 O-O
9.Kh1 Nfd7 10.f4 dxe4 11.dxe4 f6 12.Nf3 Na6 13.Qe2  1/2-1/2

[Event "Invitational"]
[Site "Santa Monica USA"]
[Date "2004.05.12"]
[Round "2"]
[White "Yudasin,L"]
[Black "Pruess,D"]
[Result "1/2-1/2"]
[WhiteElo "2553"]
[BlackElo "2376"]

1.e4 e5 2.Nf3 Nc6 3.Bb5 a6 4.Ba4 Nf6 5.d3 d6 6.c3 Be7 7.O-O O-O 8.Re1 Re8
9.Nbd2 Bf8 10.Nf1 h6 11.h3 b5 12.Bb3 Na5 13.Bc2 c5 14.N3h2 d5 15.Qf3 d4 16.cxd4 cxd4
17.Bd2 Be6 18.Rec1 Rc8 19.Ng3 Kh7 20.Qd1 Nd7 21.Ne2 Be7 22.f4 exf4 23.Nf3 Nc6
24.Nxf4 Nde5 25.Bb3 Nxf3+ 26.Qxf3 Ne5 27.Qe2 Rxc1+ 28.Rxc1 Bg5 29.Kh1 Qe7
30.Rc2 Rd8 31.Qf1 Qf6 32.g3 Rc8 33.Rxc8 Bxc8 34.Kg2 Bxf4 35.gxf4 Qh4 36.f5 Bb7
37.Bc2 g6 38.Qf4 Qxf4 39.Bxf4 f6 40.fxg6+ Kxg6 41.Bg3 Bc8 42.Bf2 Nc6 43.Bb3 Nb4
44.Bxd4 Nxd3 45.Kg3 Nc1 46.Be3  1/2-1/2

[Event "Invitational"]
[Site "Santa Monica USA"]
[Date "2004.05.13"]
[Round "3"]
[White "Mikhalevski,V"]
[Black "Yudasin,L"]
[Result "1-0"]
[WhiteElo "2550"]
[BlackElo "2553"]

1.d4 Nf6 2.c4 e6 3.g3 d5 4.Bg2 Be7 5.Nf3 O-O 6.O-O dxc4 7.Qc2 a6 8.a4 Bd7
9.Qxc4 Bc6 10.Bf4 a5 11.Nc3 Na6 12.Rac1 Nb4 13.Rfe1 Nfd5 14.Nxd5 exd5 15.Qb3 b6
16.Rc3 Bd6 17.Bxd6 cxd6 18.Ra1 Re8 19.e3 b5 20.axb5 Bxb5 21.Ne1 Bc4 22.Qd1 Qb6
23.Bf3 h6 24.Ng2 Qb5 25.Nf4 a4 26.Bg2 Nc6 27.Rca3 Ne7 28.Rxa4 Bb3 29.Qxb3 Qxb3
30.Rxa8 Kf8 31.R8a5 Qxb2 32.Nxd5 Nxd5 33.Bxd5 g5 34.Kg2 f6 35.R1a2 Qb4 36.Ra6 Re7
37.Rc6 f5 38.Ra8+ Kg7 39.Rg8+ Kh7 40.Rcc8  1-0

[Event "Invitational"]
[Site "Santa Monica USA"]
[Date "2004.05.16"]
[Round "6"]
[White "Donaldson,J"]
[Black "Yudasin,L"]
[Result "1/2-1/2"]
[WhiteElo "2459"]
[BlackElo "2553"]

1.Nf3 c5 2.c4 Nf6 3.Nc3 b6 4.g3 Bb7 5.Bg2 g6 6.O-O Bg7 7.d4 cxd4 8.Qxd4 d6
9.Be3 Nbd7 10.Rfd1 Rc8 11.Rac1 O-O 12.Qh4  1/2-1/2

[Event "Invitational"]
[Site "Santa Monica USA"]
[Date "2004.05.17"]
[Round "7"]
[White "Yudasin,L"]
[Black "Sevillano,E"]
[Result "1/2-1/2"]
[WhiteElo "2553"]
[BlackElo "2467"]

1.e4 d6 2.d4 g6 3.Nc3 Bg7 4.Be3 a6 5.f4 b5 6.Bd3 Bb7 7.Nf3 Nf6 8.e5 Nd5 9.Nxd5 Bxd5
10.a4 c6 11.O-O O-O 12.Qe1 Nd7 13.axb5 cxb5 14.Ng5 e6 15.Ne4 dxe5 16.fxe5 f6
17.exf6 Nxf6 18.Ng5 h6 19.Qh4 hxg5 20.Bxg5 Bc4 21.Bxg6 Bxf1 22.Rxf1 Qd7 23.Rxf6 Bxf6
24.Bxf6 Rxf6 25.Qxf6 Rf8 26.Qe5 Qd5 27.Qe3 e5 28.Qxe5 Qxe5 29.dxe5 Kg7 30.Bd3 Re8
31.Kf2 Rxe5 32.b4 Rh5 33.h3 Rh4 34.c3 Kf6 35.Ke3 Ke5 36.Be2 Rh7 37.Bf3 Rg7
38.Kd3 Kf4 39.h4 Rd7+ 40.Kc2 Ke3 41.h5 Rd2+ 42.Kb3 Rd6 43.Kc2 Rd2+  1/2-1/2

[Event "Invitational"]
[Site "Santa Monica USA"]
[Date "2004.05.19"]
[Round "9"]
[White "Yudasin,L"]
[Black "Young,A"]
[Result "0-1"]
[WhiteElo "2553"]
[BlackElo "2390"]

1.e4 e6 2.Qe2 b6 3.Nf3 Bb7 4.g3 d6 5.c4 Nf6 6.Nc3 c5 7.d4 Nc6 8.d5 Nd4 9.Nxd4 cxd4
10.Nb5 e5 11.Bg2 a6 12.Na3 Be7 13.O-O h5 14.h3 h4 15.g4 Nd7 16.f4 Rc8 17.Bd2 O-O
18.Rac1 exf4 19.Bxf4 Ne5 20.Rfd1 Bg5 21.Bxg5 Qxg5 22.Qd2 Qxd2 23.Rxd2 d3
24.Rdd1 g6 25.b3 Rce8 26.Nb1 f5 27.gxf5 gxf5 28.Nd2 Bc8 29.Rf1 Nf7 30.Rf4 Ng5
31.Rxh4 fxe4 32.Nxe4 Bxh3 33.Rd1 Bxg2 34.Nxg5 Bf1 35.Ne6 Be2 36.Nxf8 Rxf8
37.Rd2 Rf1+ 38.Kg2 Rf6 39.Re4 Bf3+  0-1

[Event "103rd NY Masters"]
[Site "New York USA"]
[Date "2004.05.25"]
[Round "2"]
[White "Dubinsky,R"]
[Black "Yudasin,L"]
[Result "1/2-1/2"]
[WhiteElo "2309"]
[BlackElo "2553"]

1.e4 c5 2.d3 Nc6 3.g3 g6 4.Bg2 Bg7 5.c3 e6 6.f4 Nge7 7.Nf3 b6 8.O-O O-O 9.Be3 d5
10.Bf2 dxe4 11.dxe4 Ba6 12.Re1 Qxd1 13.Rxd1 Rad8 14.Nbd2 e5 15.Bf1 Bxf1 16.Nxf1 exf4
17.gxf4 f5 18.e5 Bh6 19.Bg3 Rxd1 20.Rxd1 Rd8 21.Rxd8+ Nxd8 22.Bh4 Kf7 23.Bg5 Bg7
24.Ne3 Ne6 25.Bxe7 Kxe7 26.Nd5+ Kd7 27.Kf2 b5 28.b3 Bh6 29.Kg3 g5 30.Nf6+ Kc6
31.fxg5 Nxg5 32.Nxg5 Bxg5 33.Nxh7 Bd2 34.c4 bxc4 35.bxc4 Kd7 36.Nf8+ Ke7
37.Ng6+ Ke6 38.h4 Bh6 39.h5 Bg5 40.Kf3 Bh6 41.a4 Bg5 42.Kg3 Bh6 43.Kf3 Bg5  1/2-1/2

[Event "105th NY Masters"]
[Site "New York USA"]
[Date "2004.06.08"]
[Round "1"]
[White "Yudasin,L"]
[Black "Hoffmann,As"]
[Result "1-0"]
[WhiteElo "2553"]
[BlackElo "2290"]

1.e4 c6 2.d4 d6 3.f4 d5 4.e5 h5 5.Be2 g6 6.Nf3 Bg4 7.c3 e6 8.Nbd2 Nh6 9.h3 Bf5
10.O-O c5 11.dxc5 Bxc5+ 12.Nd4 Nc6 13.Nb3 Bb6 14.Be3 Be4 15.Bb5 Nf5 16.Bf2 Rc8
17.Qe2 g5 18.Nd2 Nxd4 19.cxd4 Bf5 20.fxg5 Qxg5 21.Nf3 Qg7 22.Kh2 Rg8 23.Bh4 Bd8
24.Qf2 Be4 25.Bxd8 Kxd8 26.Bxc6 Rxc6 27.Rac1 Kd7 28.Rxc6 bxc6 29.Nh4 Ke8
30.b4 a6 31.g3 Rf8 32.Qf4 Qh7 33.Qc1 Kd7 34.Qc5 Rc8 35.Rf2 Ke8 36.Qa7 Bd3
37.Qb7 Rd8 38.Qxc6+ Kf8 39.Qxe6  1-0

[Event "105th NY Masters"]
[Site "New York USA"]
[Date "2004.06.08"]
[Round "2"]
[White "Bonin,J"]
[Black "Yudasin,L"]
[Result "0-1"]
[WhiteElo "2341"]
[BlackElo "2553"]

1.g3 Nf6 2.Bg2 d5 3.Nf3 c6 4.d3 Bg4 5.Nbd2 Nbd7 6.h3 Bh5 7.g4 Bg6 8.Nh4 e5
9.Nxg6 hxg6 10.e3 Bd6 11.b3 Qe7 12.a3 O-O-O 13.Qe2 Kb8 14.Bb2 g5 15.c4 dxc4
16.Nxc4 Nc5 17.O-O Bc7 18.Rfd1 Nd5 19.Qc2 f6 20.b4 Ne6 21.Rab1 Qd7 22.Na5 g6
23.d4 exd4 24.Bxd4 Qd6 25.Bxf6 Qh2+ 26.Kf1 Rhf8 27.Nxc6+ bxc6 28.Qxc6 Nxe3+
29.fxe3 Rxf6+ 30.Ke2 Nf4+  0-1

[Event "105th NY Masters"]
[Site "New York USA"]
[Date "2004.06.08"]
[Round "3"]
[White "Yudasin,L"]
[Black "Shevelev,D"]
[Result "1-0"]
[WhiteElo "2553"]
[BlackElo "2310"]

1.e4 c6 2.d4 d5 3.exd5 cxd5 4.Bd3 Nc6 5.Bf4 Nf6 6.Nf3 g6 7.c3 Bg7 8.O-O O-O
9.Re1 Bg4 10.Nbd2 Rc8 11.h3 Bf5 12.Bxf5 gxf5 13.Ne5 Nxe5 14.Bxe5 e6 15.Nf3 Kh8
16.Qd2 Rg8 17.Ng5 Qe7 18.Qe3 Ne4 19.Nf3 Bxe5 20.Nxe5 Rg7 21.f3 Nd6 22.Qf4 Rcg8
23.Re2 b5 24.a4 a6 25.axb5 axb5 26.Ra6 Nc4 27.Nd3 Qb7 28.Nc5 Qb8 29.Qxb8 Rxb8
30.b3 Nb6 31.Rea2 Rgg8 32.Ra7 Ra8 33.R2a6 Rxa7 34.Rxa7 b4 35.cxb4 Rf8 36.b5 Kg8
37.Rb7 Nc8 38.b6 Nd6 39.Rd7 Nb5 40.b7 Nxd4 41.Rc7  1-0

[Event "105th NY Masters"]
[Site "New York USA"]
[Date "2004.06.08"]
[Round "4"]
[White "Vovsha,E"]
[Black "Yudasin,L"]
[Result "0-1"]
[WhiteElo "2441"]
[BlackElo "2553"]

1.e4 e6 2.d4 d5 3.Nc3 dxe4 4.Nxe4 Nd7 5.Bd3 Ngf6 6.Qe2 Nxe4 7.Bxe4 c6 8.Nf3 Be7
9.Bd2 Nf6 10.Bd3 Nd5 11.O-O-O Nb4 12.Bxb4 Bxb4 13.h4 Qe7 14.Ne5 Bd7 15.Qg4 g6
16.Qf3 Bd6 17.Kb1 Rf8 18.h5 Bxe5 19.dxe5 Qg5 20.hxg6 fxg6 21.Qe3 Qxe3 22.fxe3 O-O-O
23.Rxh7 Rf2 24.Rg1 c5 25.b3 Bc6 26.Rg7 Rxg2 27.Rxg2 Bxg2 28.Rxg6 Bh3 29.Rg3 Bf5
30.e4 Bh7 31.Rh3 Bg6 32.Bc4 Rd1+ 33.Kb2 Bxe4 34.Bxe6+ Kd8 35.Re3 Bh7 36.Bc4 Rh1
37.Bd3 Ke7 38.Kc3 Bxd3 39.Kxd3 Ke6 40.Kc4 Rh2 41.Kd3 Rh5 42.a4 Rxe5 43.Rxe5+ Kxe5
44.Kc4 Kd6 45.Kb5 Kd5 46.c3 c4 47.bxc4+ Kd6 48.a5 Kc7 49.c5 a6+ 50.Kc4 Kc6
51.Kb4 Kd5 52.c6 bxc6 53.Kb3 Kc5 54.Ka3 Kb5 55.Kb3 Kxa5 56.c4 Kb6 57.Kb4 a5+  0-1

[Event "St John Uni"]
[Site "New York USA"]
[Date "2004.06.17"]
[Round "1"]
[White "Yudasin,L"]
[Black "Ivkov,B"]
[Result "1-0"]
[WhiteElo "2553"]
[BlackElo "2433"]

1.e4 e5 2.Nf3 Nc6 3.Bc4 Be7 4.O-O Nf6 5.d3 O-O 6.c3 d6 7.Bb3 Na5 8.Bc2 c5
9.h3 Bd7 10.d4 Qc7 11.d5 b5 12.b3 Kh8 13.Nbd2 c4 14.b4 Nb7 15.Re1 a5 16.Nf1 Ra6
17.g4 Rfa8 18.a3 h6 19.Ng3 Nh7 20.Kh2 Qd8 21.Nf5 Bxf5 22.gxf5 axb4 23.cxb4 Qb6
24.Qe2 Ng5 25.Rg1 Nxf3+ 26.Qxf3 Bf6 27.Rg2 Qd8 28.Qh5 Qf8 29.Rg3 Kh7 30.Bd2 Qe7
31.Rag1 Qf8 32.Rxg7+ Bxg7 33.f6 Bxf6 34.Qf5+ Kh8 35.Qxf6+ Kh7 36.Bd1  1-0

[Event "St John Uni"]
[Site "New York USA"]
[Date "2004.06.18"]
[Round "2"]
[White "Kurniawan,B"]
[Black "Yudasin,L"]
[Result "0-1"]
[WhiteElo "2371"]
[BlackElo "2553"]

1.e4 c5 2.Nf3 d6 3.d4 cxd4 4.Nxd4 a6 5.Nc3 e6 6.Be2 Nf6 7.a4 b6 8.O-O Bb7
9.f4 Nxe4 10.f5 e5 11.Ne6 Qc8 12.Be3 Nxc3 13.bxc3 Qxc3 14.Bd2 Qc6 15.Bf3 e4
16.Re1 fxe6 17.Rxe4 Qc5+ 18.Re3 Nc6 19.Kh1 Qxf5 20.Bg4 Qc5 21.Rxe6+ Be7 22.Qf3 Ra7
23.Rf1 Ne5 24.Rxe7+ Kxe7 25.Bg5+ Ke8 26.Qf5 Qd5 27.Rf2 Qf7 28.Bh5 g6 29.Qh3 Qd7
30.Qh4 Rf8 31.Rxf8+ Kxf8 32.Bh6+ Ke8  0-1

[Event "St John Uni"]
[Site "New York USA"]
[Date "2004.06.22"]
[Round "5"]
[White "Yudasin,L"]
[Black "Fedorowicz,J"]
[Result "1/2-1/2"]
[WhiteElo "2553"]
[BlackElo "2517"]

1.e4 c5 2.f4 e6 3.Nf3 Nc6 4.d3 d5 5.Be2 dxe4 6.dxe4 Qxd1+ 7.Bxd1 b6 8.Be3 Nf6
9.Nbd2 Be7 10.c3 O-O 11.Bc2 Ba6 12.h3 Rfd8 13.g4 Na5 14.O-O-O Bd3 15.Ne5 Bxc2
16.Kxc2 Nd7 17.Nxd7 Rxd7 18.Nf3 Rad8 19.Rxd7 Rxd7 20.Re1 Nc6 21.f5 exf5 22.exf5 f6
23.Bf4 Kf7 24.Re6 Nd8 25.Re2 Nc6 26.Rd2 Ke8 27.b3 Bd8 28.Rxd7 Kxd7 29.Kd3 Bc7
30.Bxc7 Kxc7 31.Ke4 Kd6 32.Nd2 Ne5 33.Nf1 c4 34.b4  1/2-1/2

[Event "St John Uni"]
[Site "New York USA"]
[Date "2004.06.23"]
[Round "6"]
[White "Bonin,J"]
[Black "Yudasin,L"]
[Result "0-1"]
[WhiteElo "2341"]
[BlackElo "2553"]

1.g3 d5 2.Bg2 c5 3.c4 d4 4.b4 e5 5.bxc5 Bxc5 6.Ba3 Bxa3 7.Qa4+ Nc6 8.Qxa3 Nge7
9.d3 O-O 10.Nd2 Be6 11.Ngf3 f6 12.Rb1 Qd7 13.O-O b6 14.Rb2 Rac8 15.Rfb1 Rfd8
16.Qa4 Nf5 17.Ne4 Na5 18.Qxd7 Bxd7 19.Nfd2 Rc7 20.Nb3 Nb7 21.Bh3 Ne7 22.Bxd7 Rcxd7
23.Na1 Nd6 24.Nxd6 Rxd6 25.Nc2 Nc6 26.Nb4 Re6 27.e3 Na5 28.Rd2 a6 29.Nc2 dxe3
30.Nxe3 Re7  0-1

[Event "St John Uni"]
[Site "New York USA"]
[Date "2004.06.25"]
[Round "7"]
[White "Yudasin,L"]
[Black "Cela,A"]
[Result "1-0"]
[WhiteElo "2553"]
[BlackElo "2482"]

1.e4 e5 2.Nf3 Nc6 3.Bc4 Nf6 4.d3 h6 5.O-O d6 6.c3 g6 7.d4 Qe7 8.dxe5 Nxe5
9.Nxe5 dxe5 10.Qe2 Bg7 11.b3 O-O 12.Ba3 c5 13.Nd2 Bd7 14.Rfd1 Rac8 15.Nf1 Bc6
16.f3 Nh5 17.Qf2 b6 18.Ne3 Kh8 19.Nd5 Bxd5 20.Bxd5 f5 21.g3 Nf6 22.Qe2 f4
23.g4 h5 24.gxh5 Nxh5 25.Qg2 Bf6 26.Qg4 Kg7 27.Rd2 Kh6 28.Rg2 Qg7 29.Kf2 Rc7
30.c4 Kh7 31.Rag1 a5 32.Be6 Re7 33.Bf5  1-0

[Event "St John Uni"]
[Site "New York USA"]
[Date "2004.06.26"]
[Round "8"]
[White "Sarkar,J"]
[Black "Yudasin,L"]
[Result "1/2-1/2"]
[WhiteElo "2375"]
[BlackElo "2553"]

1.d4 Nf6 2.c4 e6 3.Nc3 Bb4 4.e3 c5 5.Ne2 cxd4 6.exd4 d5 7.a3 Be7 8.Nf4 dxc4
9.Bxc4 O-O 10.O-O Nbd7 11.d5 Nb6  1/2-1/2

[Event "108th NY Masters"]
[Site "New York USA"]
[Date "2004.07.06"]
[Round "4"]
[White "Becerra Rivero,J"]
[Black "Yudasin,L"]
[Result "1/2-1/2"]
[WhiteElo "2550"]
[BlackElo "2556"]

1.e4 c5 2.Nf3 d6 3.d4 cxd4 4.Nxd4 Nf6 5.Nc3 a6 6.Be3 e6 7.g4 h6 8.f3 Nc6
9.Qd2 d5 10.O-O-O dxe4 11.Nxc6 Qxd2+ 12.Rxd2 bxc6 13.Nxe4 Nxe4 14.fxe4 e5
15.Be2 Bb4 16.c3 Be7 17.h4 Be6 18.Kc2 a5 19.a4 Rb8 20.c4 Bb4 21.Rdd1 Ke7
22.g5 hxg5 23.hxg5 f5 24.gxf6+ gxf6 25.Rdg1 Rxh1 26.Rxh1 c5 27.Rh7+ Kd6 28.Rh6 Ke7
29.Bf2 Rd8 30.Rh7+ Kf8 31.Be3 Bf7 32.Bh6+ Kg8 33.Rg7+ Kf8 34.Rh7+ Kg8 35.Rg7+ Kf8  1/2-1/2

[Event "113th NY Masters"]
[Site "New York USA"]
[Date "2004.08.17"]
[Round "2"]
[White "Lapshun,Y"]
[Black "Yudasin,L"]
[Result "1/2-1/2"]
[WhiteElo "2444"]
[BlackElo "2556"]

1.d4 Nf6 2.Nf3 e6 3.Bg5 c5 4.c3 h6 5.Bh4 Qb6 6.Bxf6 gxf6 7.Qd2 Nc6 8.e3 d5
9.Be2 Bd7 10.O-O O-O-O 11.Na3 Kb8 12.c4 cxd4 13.exd4 Bxa3 14.bxa3 dxc4 15.Qf4+ Qc7
16.Qxf6 Bc8 17.Rfc1 Rhg8 18.Rxc4 Rg6 19.Qh4 Rdg8 20.Bf1 Qd6 21.Qe4 Rg4 22.Qe3 Qd5
23.Rc5 Qd6 24.Ne5 Nxd4 25.Rac1 R4g7 26.R1c4 f6 27.Qxd4 Qxd4 28.Rxd4 fxe5
29.Rxe5 Rg5 30.f4 Rxe5 31.fxe5 Rg5 32.Re4 Bd7 33.Bc4 Kc7 34.g3 Bc6 35.Re3 Kd7
36.Kf2 Bd5 37.Bxd5 exd5 38.e6+ Ke7 39.Ke2 d4 40.Re4 Ra5 41.Rxd4 Rxa3 42.Rd7+ Kxe6
43.Rxb7 Rxa2+ 44.Kf3  1/2-1/2

[Event "114th NY Masters"]
[Site "New York USA"]
[Date "2004.08.24"]
[Round "3"]
[White "Yudasin,L"]
[Black "Miton,K"]
[Result "1-0"]
[WhiteElo "2556"]
[BlackElo "2597"]

1.e4 c5 2.f4 d5 3.exd5 Nf6 4.Bb5+ Bd7 5.Bxd7+ Qxd7 6.c4 e6 7.Qe2 Bd6 8.dxe6 Qxe6
9.Qxe6+ fxe6 10.Ne2 Nc6 11.Nbc3 O-O-O 12.O-O e5 13.d3 Nb4 14.Nb5 Bb8 15.fxe5 Bxe5
16.Bf4 Nxd3 17.Bxe5 Nxe5 18.b3 Nc6 19.Nf4 Rhe8 20.Rad1 Nd4 21.Nxa7+ Kb8 22.Nb5 Nxb5
23.cxb5 Rxd1 24.Rxd1 Ka7 25.Kf2 Kb6 26.Nd5+ Nxd5 27.Rxd5 Re7 28.a4 Rc7 29.Rh5 g6
30.Rh4 Ka5 31.Rc4 b6 32.Ke3 Rd7 33.Ke2 Re7+ 34.Kd2 Rf7 35.Kc3 Rf1 36.Rh4 Rc1+
37.Kb2 Rg1 38.Rxh7 Kb4 39.Rh4+ Ka5 40.Rg4  1-0

[Event "114th NY Masters"]
[Site "New York USA"]
[Date "2004.08.24"]
[Round "4"]
[White "Yudasin,L"]
[Black "Lapshun,Y"]
[Result "1/2-1/2"]
[WhiteElo "2556"]
[BlackElo "2444"]

1.e4 e5 2.Nf3 Nc6 3.Bc4 Be7 4.d4 d6 5.dxe5 dxe5 6.Qxd8+ Bxd8 7.Ng5 Bxg5 8.Bxg5 Nd4
9.Na3 Be6 10.O-O-O Bxc4 11.Nxc4 f6 12.Be3 O-O-O 13.c3 Nc6 14.Rxd8+ Nxd8 15.a4 a6
16.b4 Ne7 17.Kc2 Ne6 18.Ra1 b6 19.Nd2 Rd8 20.h4 h5 21.g3 Ng6 22.Nb3 Kb7 23.c4 c6
24.Kc3 Rc8 25.a5 b5 26.Rd1 bxc4 27.Kxc4 Rc7 28.Bb6 Rf7 29.Rd6 Ngf8 30.Nc5+ Nxc5
31.Bxc5 Rd7 32.Rxd7+ Nxd7 33.Bd6 Kc8 34.Be7 Kc7 35.f4 Kc8 36.Bd6 Kd8 37.f5 Ke8
38.Kd3 Kd8 39.Ke3 Ke8 40.Kf3 Kf7 41.g4 hxg4+ 42.Kxg4 Kg8 43.Kh5 Kf7 44.Bc7 Nf8
45.Bb8 g6+ 46.Kg4 gxf5+ 47.exf5 Nd7 48.Bd6 Kg7 49.Kh5 Kh7 50.Be7 Kg7 51.Bd6  1/2-1/2

[Event "119th NY Masters"]
[Site "New York USA"]
[Date "2004.09.28"]
[Round "1"]
[White "Caruana,F"]
[Black "Yudasin,L"]
[Result "1-0"]
[WhiteElo "2169"]
[BlackElo "2556"]

1.e4 c5 2.Nf3 e6 3.c3 Nf6 4.e5 Nd5 5.d4 cxd4 6.Qxd4 Nc6 7.Qe4 f5 8.Qe2 Nde7
9.h4 b6 10.g3 a5 11.Bg2 Ba6 12.c4 Rc8 13.O-O Na7 14.b3 b5 15.Be3 Nec6 16.Nc3 bxc4
17.bxc4 Rb8 18.a4 Bb4 19.Nb5 Nc8 20.Rfd1 O-O 21.Rd3 Nb6 22.Rad1 Bc8 23.Qc2 Be7
24.Qb3 Qe8 25.Nc7 Qh5 26.Bxb6 f4 27.Nd5 Bc5 28.Qb5 Bxb6 29.Nxb6 fxg3 30.fxg3 Rf5
31.Qc5 Nb4 32.Nxc8 Nxd3 33.Rxd3 Kh8 34.Rxd7 h6 35.Qe7 Qg4 36.Qe8+ Kh7 37.Qxe6 Rb2
38.Rd3 Re2 39.Nd6 Rexe5 40.Qxe5 Rxe5 41.Nxe5 Qe6 42.Be4+ g6 43.Bxg6+ Kg7
44.Nf5+ Kf6 45.Rd6  1-0

[Event "120th NY Masters"]
[Site "New York USA"]
[Date "2004.10.05"]
[Round "1"]
[White "Caruana,F"]
[Black "Yudasin,L"]
[Result "1/2-1/2"]
[WhiteElo "2169"]
[BlackElo "2556"]

1.e4 c5 2.Nf3 d6 3.d4 cxd4 4.Qxd4 a6 5.Be3 Nd7 6.Nc3 Ngf6 7.a4 e6 8.Bc4 Be7
9.O-O O-O 10.a5 Qc7 11.h3 Rd8 12.Rfd1 h6 13.Ba2 Rb8 14.Qa7 Qxa5 15.Bxe6 Qh5
16.Bd5 Bf8 17.Bb6 Nxb6 18.Qxb8 Nbxd5 19.exd5 Re8 20.Re1 Be6 21.Qxb7 Bxh3
22.Rxe8 Nxe8 23.Qxa6 Bxg2 24.Kxg2 Qg4+ 25.Kf1 Qxf3 26.Re1 Nf6 27.Qd3 Qf4
28.Ne4 Ng4 29.Qg3 Qf5 30.b4 h5 31.c4 Ne5 32.Nd2 Qc2 33.c5 Qxd2 34.cxd6 Ng4
35.d7 Qxd5 36.Re8 Qxd7 37.Qb8 Qd4 38.Rxf8+ Kh7 39.Rh8+ Kg6 40.Qg3 f5 41.Kg2 Qxb4
42.Rd8 Kh7 43.Qd3 Qc5 44.Qd4 Qc6+ 45.Qd5 Qxd5+ 46.Rxd5 Kg6 47.Kg3 Nf6 48.Rd6 Kg5
49.f4+ Kg6 50.Kh4 Kf7 51.Ra6 g6 52.Kg5 Nd5 53.Ra7+ Ne7 54.Ra6 Nd5 55.Rxg6 Nxf4
56.Rf6+ Ke7 57.Rxf5 Ne6+ 58.Kh4 Ng7 59.Rg5  1/2-1/2